[Event "Vienna op-A 15th"]
[Site "Vienna"]
[Date "2006.08.06"]
[Round "9"]
[White "Boehm, Gerhard"]
[Black "Wiesner, Hans Dieter"]
[Result "0-1"]
[WhiteElo "2076"]
[BlackElo "2023"]
[PlyCount "60"]
[EventDate "2006.07.29"]
[EventType "swiss"]
[EventRounds "9"]
[EventCountry "AUT"]
[SourceTitle "CBM 113 Extra"]
[Source "ChessBase"]
[SourceDate "2006.09.14"]
[SourceVersion "1"]
[SourceVersionDate "2006.09.14"]
[SourceQuality "1"]

1. e4 Nc6 2. d4 d6 3. c4 Nf6 4. Nc3 e5 5. d5 Ne7 6. f3 g6 7. Bd3 Bg7 8. Nge2 a5 9. Be3 Nd7 10. g4 Nc5 11. Ng3 Rf8 12. Rg1 Nxd3+ 13. Qxd3 f5 14. gxf5 gxf5 15. Bg5 Bf6 16. Nh5 Bxg5 17. Rxg5 Ng6 18. Ng7+ Kf7 19. Ne6 Bxe6 20. dxe6+ Kxe6 21. exf5+ Kd7 22. Rh5 Nf4 23. Rxh7+ Kc8 24. Qd2 Rg8 25. 0-0-0 Rg2 26. Qe1 Qg8 27. Qh4 Qxc4 28. Rd2 Nd3+ 29. Kb1 Rg1+ 30. Rd1 Rxd1+ 0-1

[Event "Vienna-ch"]
[Site "Vienna"]
[Date "2004.10.30"]
[Round "6"]
[White "Kauzky, Hartmut"]
[Black "Boehm, Gerhard"]
[Result "1-0"]
[WhiteElo "2042"]
[BlackElo "2102"]
[PlyCount "43"]
[EventDate "2004.??.??"]
[EventType "swiss"]
[EventRounds "7"]
[EventCountry "AUT"]
[SourceTitle "EXT 2005"]
[Source "ChessBase"]
[SourceDate "2004.11.15"]
[SourceVersion "1"]
[SourceVersionDate "2004.11.15"]
[SourceQuality "1"]

1. e4 g6 2. d4 Bg7 3. Nf3 d6 4. c4 Nc6 5. d5 Ne5 6. Nxe5 Bxe5 7. f4 Bg7 8. Nc3 e5 9. g3 exf4 10. Bxf4 Qe7 11. Bg2 Nf6 12. 0-0 0-0 13. Qd2 Bg4 14. Bg5 Qe5 15. Qf4 Qxf4 16. Rxf4 Nh5 17. Rxg4 h6 18. Be3 g5 19. Bxg5 hxg5 20. Rxg5 Nf6 21. Rf1 Rae8 22. Rxf6 1-0

[Event "Vienna-ch"]
[Site "Vienna"]
[Date "2004.10.27"]
[Round "4"]
[White "Boehm, Gerhard"]
[Black "Lenz, Alarich"]
[Result "1/2-1/2"]
[WhiteElo "2102"]
[BlackElo "2186"]
[PlyCount "27"]
[EventDate "2004.??.??"]
[EventType "swiss"]
[EventRounds "7"]
[EventCountry "AUT"]
[SourceTitle "EXT 2005"]
[Source "ChessBase"]
[SourceDate "2004.11.15"]
[SourceVersion "1"]
[SourceVersionDate "2004.11.15"]
[SourceQuality "1"]

1. e4 e6 2. d4 d5 3. e5 c5 4. c3 Nc6 5. a3 Qb6 6. Nf3 Nh6 7. Bd3 Bd7 8. Bc2 Rc8 9. 0-0 cxd4 10. cxd4 Nf5 11. Bxf5 exf5 12. Nc3 Be6 13. Na4 Qd8 14. Bg5 1/2-1/2

[Event "Vienna op 14th"]
[Site "Vienna"]
[Date "2003.08.19"]
[Round "4"]
[White "Rausch, Stephan"]
[Black "Boehm, Gerhard"]
[Result "0-1"]
[WhiteElo "2346"]
[BlackElo "2153"]
[PlyCount "80"]
[EventDate "2003.08.16"]
[EventType "swiss"]
[EventRounds "9"]
[EventCountry "AUT"]
[SourceTitle "CBM 095 Extra"]
[Source "ChessBase"]
[SourceDate "2003.09.04"]
[SourceVersion "1"]
[SourceVersionDate "2003.09.04"]
[SourceQuality "1"]

1. d4 g6 2. c4 Bg7 3. Nc3 d6 4. e4 Nc6 5. Be3 e5 6. d5 Nce7 7. f3 f5 8. Qd2 f4 9. Bf2 Nf6 10. Bd3 0-0 11. g4 fxg3 12. hxg3 Nh5 13. 0-0-0 a6 14. Kb1 Bd7 15. g4 Nf4 16. Nh3 Nxh3 17. Rxh3 h5 18. Rdh1 hxg4 19. Rh7 Rf7 20. fxg4 Bxg4 21. R7h4 Bh5 22. Be3 Qf8 23. Be2 Bxe2 24. Qxe2 Rf3 25. Bh6 Qf6 26. Bxg7 Kxg7 27. Rh7+ Kf8 28. Rh8+ Ng8 29. Nd1 Re8 30. Qh2 Re7 31. Qh6+ Rg7 32. Rh7 Nxh6 33. R1xh6 Rxh7 34. Rxh7 Rf1 35. Kc2 Qf4 36. Rxc7 Qxe4+ 37. Kc1 Qe3+ 38. Kc2 Qe2+ 39. Kc3 Rxd1 40. Rxb7 Rd3+ 0-1

[Event "Vienna op 14th"]
[Site "Vienna"]
[Date "2003.08.17"]
[Round "2"]
[White "Boehm, Gerhard"]
[Black "Pachta, Paul"]
[Result "0-1"]
[WhiteElo "2153"]
[BlackElo "2032"]
[PlyCount "68"]
[EventDate "2003.08.16"]
[EventType "swiss"]
[EventRounds "9"]
[EventCountry "AUT"]
[SourceTitle "CBM 095 Extra"]
[Source "ChessBase"]
[SourceDate "2003.09.04"]
[SourceVersion "1"]
[SourceVersionDate "2003.09.04"]
[SourceQuality "1"]

1. e4 c5 2. Nc3 d6 3. g3 Nf6 4. Bg2 Nc6 5. d3 e6 6. f4 Be7 7. Nf3 0-0 8. 0-0 a6 9. h3 Nd4 10. Ne2 Nxf3+ 11. Bxf3 Qb6 12. Kh1 Bd7 13. g4 Bc6 14. c4 Rad8 15. Ng3 d5 16. cxd5 exd5 17. e5 Nd7 18. Qe2 Rfe8 19. g5 Bxg5 20. fxg5 Nxe5 21. Qd2 Nxf3 22. Rxf3 d4 23. Ne4 c4 24. Qf4 cxd3 25. Qxf7+ Kh8 26. Nd2 Rf8 27. Qh5 Rxf3 28. Nxf3 Rf8 29. Kg1 Bxf3 30. Qh4 d2 31. Bxd2 Qxb2 32. Qe1 Bc6 33. Qc1 Qb5 34. Qe1 Qd5 0-1

[Event "Vienna Donau op"]
[Site "Vienna"]
[Date "1999.??.??"]
[Round "?"]
[White "Somasundram, Jayakumar"]
[Black "Boehm, Gerhard"]
[Result "1-0"]
[WhiteElo "2055"]
[BlackElo "2190"]
[PlyCount "53"]
[EventDate "1999.??.??"]
[EventType "swiss"]
[EventRounds "9"]
[EventCountry "AUT"]
[SourceTitle "EXT 2003"]
[Source "ChessBase"]
[SourceDate "2002.11.25"]
[SourceVersion "1"]
[SourceVersionDate "2002.11.25"]
[SourceQuality "1"]

1. e4 g6 2. d4 Bg7 3. Nf3 d6 4. h3 Nc6 5. Be3 e5 6. Nc3 Bd7 7. Qd2 f5 8. dxe5 Nxe5 9. Nxe5 Bxe5 10. 0-0-0 Ne7 11. f4 Bg7 12. Bd4 Bxd4 13. Qxd4 Rf8 14. e5 Nc6 15. Qe3 dxe5 16. fxe5 f4 17. Qe4 Qg5 18. e6 Bc8 19. Bb5 Qc5 20. Nd5 Rb8 21. Nxc7+ Ke7 22. Nd5+ Ke8 23. b4 Qf2 24. e7 Bf5 25. Bxc6+ bxc6 26. exf8Q+ Kxf8 27. Qe7+ 1-0

[Event "Wattens op 12th"]
[Site "Wattens"]
[Date "1997.??.??"]
[Round "?"]
[White "Wiesinger, Bianca"]
[Black "Boehm, Gerhard"]
[Result "1-0"]
[WhiteElo "1610"]
[BlackElo "1720"]
[PlyCount "81"]
[EventDate "1997.??.??"]
[EventType "swiss"]
[EventRounds "9"]
[EventCountry "AUT"]
[SourceTitle "EXT 2000"]
[Source "ChessBase"]
[SourceDate "1999.11.16"]
[SourceVersion "1"]
[SourceVersionDate "1999.11.16"]
[SourceQuality "1"]

1. e4 e5 2. Nf3 Nc6 3. d4 exd4 4. Bc4 Bb4+ 5. c3 dxc3 6. 0-0 d6 7. a3 Bc5 8. b4 Bb6 9. Qb3 Qe7 10. Nxc3 Nd4 11. Nxd4 Bxd4 12. Bb2 Bxc3 13. Qxc3 f6 14. Rac1 c6 15. b5 Bd7 16. Qb3 Nh6 17. a4 Nf7 18. f4 0-0 19. Qd3 cxb5 20. axb5 Be6 21. Ba3 Bxc4 22. Rxc4 Rfd8 23. Rfc1 Qe8 24. Rc7 Rd7 25. Qd5 Rb8 26. Rxd7 Qxd7 27. e5 fxe5 28. fxe5 Re8 29. exd6 Re5 30. Qc4 Qxb5 31. Qxb5 Rxb5 32. Rc8+ Nd8 33. Rxd8+ Kf7 34. Rf8+ Ke6 35. Re8+ Kd7 36. Re7+ Kc6 37. Rxg7 Rb3 38. Rc7+ Kb6 39. Bc5+ Ka6 40. d7 Rd3 41. Be7 1-0